| 000 | 02401cam a22004454i 4500 | ||
|---|---|---|---|
| 001 | u35731 | ||
| 003 | PE-LiUPU | ||
| 005 | 20250731183419.0 | ||
| 008 | 150625s2000 pe rb 000 0 spa d | ||
| 020 | _a9972540650 | ||
| 035 | _a(Sirsi) i9789972540653 | ||
| 040 |
_aPE-LiUPU _bspa _cPE-LiUPU _erda |
||
| 049 | _aPRUA | ||
| 082 | 0 | 4 |
_a796.01 _bG25 _221 |
| 100 | 1 |
_aGarcía Ucha, Francisco, _eautor. |
|
| 245 | 1 | 0 |
_aFundamentos de la psicología del deporte : _baspectos histíricos, teóricos, metodológicos y aplicativos / _cFrancisco García Ucha. |
| 264 | 1 |
_aLima, Perú : _bUniversidad de San Martín de Porres, _c2000. |
|
| 300 |
_a274 páginas ; _c20 centímetros |
||
| 336 |
_atext _2rdacontent |
||
| 337 |
_aunmediated _2rdamedia |
||
| 338 |
_avolume _2rdacarrier |
||
| 504 | _aBibliografía al final de cada capítulo. | ||
| 505 | 0 | _aAntecedentes históricos, estado actual y perspectivas de la psicología del deporte -- Exigencias de la actividad deportiva -- Control psicológico del entrenamiento deportivo -- Entrenamiento psicológico del de deportista -- Establecimiento de metas: un procedimiento para incrementar los rendimientos deportivos -- Psicología social en el deporte -- Psicología e iniciación deportiva -- Consideraciones psicológicas sobre la especialización deportiva en edades tempranas. | |
| 526 | _aP158 | ||
| 526 | _aP146 | ||
| 526 | _aP17 | ||
| 526 | _aP12 | ||
| 526 | _aP06 | ||
| 541 | _g0017720; | ||
| 596 | _a1 2 | ||
| 650 | 0 | 4 |
_aDeportes _xAspectos psicológicos. |
| 910 | _cigq | ||
| 942 |
_2ddc _cBOOK |
||
| 994 |
_aC0 _bPEPRU |
||
| 949 |
_a796.01 G25 2000 _wDEWEY _c1 _iFT01592 _lCCODEBUT1 _mBUT _p25.00 _r0 _sY _tBOOK _u2016-2-9 _xSALUD _PP33 _0COMPRA _o.STAFF. Colección General |
||
| 949 |
_a796.01 G25 _wDEWEY _c1 _i55109 _d2018-5-23 _e2018-5-18 _f2018-2-7 _g2 _lCCODEBUL1 _mBUL _n3 _p25.00 _r0 _sY _tBOOK _u2015-6-25 _xTEOLOGIA _PP35 _0COMPRA _o.STAFF. Colección Teología |
||
| 999 |
_a796.01 G25 _wDEWEY _c43728 _i55109 _d43728 _e2018-11-15 _f2021-11-9 _g5 _lCCODEBUL1 _mBUL _n5 _p25.00 _r0 _sY _tBOOK _u2015-6-25 _xEDUCACION _PP35 _0COMPRA _o.STAFF. Colección Teología |
||
| 999 |
_a796.01 G25 2000 _wDEWEY _c1 _iFT01592 _d2019-11-24 _e2019-11-22 _f2019-2-20 _g1 _lCCODEBUT1 _mBUT _n3 _p25.00 _r0 _sY _tBOOK _u2016-2-9 _xSALUD _PP33 _0COMPRA _o.STAFF. Colección General |
||
| 980 |
_81 _gALBERTO SANCHEZ Responsable de Automatización |
||